000 00258nam a2200121 i 4500
001 bg
245 0 _aPumpen technisches handbuch.
260 _aBerlin,
_c1972.
040 _cBPK
041 _apol
942 _cKS
008 s pl f |000 0 pol
999 _c26140
_d26140
856 _uhttp://koha.tu.koszalin.pl/cgi-bin/koha/opac-detail.pl?biblionumber=26140
_yKatalog online BPK